[Event "Deutsche Ländermeisterschaft 2024"]
[Site "Tübingen GER"]
[Date "2024.10.03"]
[Round "1"]
[White "Brunner, Sophia"]
[Black "Huppert, Anna"]
[Result "1-0"]
[Termination "normal"]
[Board "6.7"]
[WhiteElo "1863"]
[BlackElo "1661"]
[WhiteClock "00:12:20"]
[BlackClock "00:03:42"]
[WhiteTeam "Niedersachsen"]
[BlackTeam "Saarland & Friends"]
[PlyCount "104"]
[WhiteFideId "12960683"]
[BlackFideId "16214439"]
[EventCountry "GER"]
[EventRounds "7"]
[EventType "team-swiss"]
[EventDate "2024.10.02"]

1. d4 {[%clk 01:30:57]} {[%emt 00:00:03]} Nf6 {[%clk 01:30:54]} {[%emt
00:00:06]} 2. Nf3 {[%clk 01:31:17]} {[%emt 00:00:10]} e6 {[%clk 01:31:10]}
{[%emt 00:00:15]} 3. g3 {[%clk 01:31:24]} {[%emt 00:00:22]} d5 {[%clk
01:30:21]} {[%emt 00:01:19]} 4. Bg2 {[%clk 01:31:29]} {[%emt 00:00:26]} c5
{[%clk 01:23:25]} {[%emt 00:07:27]} 5. e3 {[%clk 01:26:17]} {[%emt 00:05:41]}
Nc6 {[%clk 01:18:15]} {[%emt 00:05:40]} 6. O-O {[%clk 01:26:26]} {[%emt
00:00:20]} Bd6 {[%clk 01:09:44]} {[%emt 00:09:02]} 7. dxc5 {[%clk 01:21:19]}
{[%emt 00:05:37]} Bxc5 {[%clk 01:09:55]} {[%emt 00:00:18]} 8. b3 {[%clk
01:21:37]} {[%emt 00:00:12]} e5 {[%clk 01:05:31]} {[%emt 00:04:53]} 9. Bb2
{[%clk 01:18:43]} {[%emt 00:03:24]} Qe7 {[%clk 00:42:45]} {[%emt 00:23:17]} 10.
Nbd2 {[%clk 01:15:10]} {[%emt 00:04:03]} Bg4 {[%clk 00:39:36]} {[%emt
00:03:38]} 11. Qe1 {[%clk 01:14:02]} {[%emt 00:01:38]} e4 {[%clk 00:32:47]}
{[%emt 00:07:19]} 12. Nd4 {[%clk 01:14:06]} {[%emt 00:00:26]} Nxd4 {[%clk
00:31:51]} {[%emt 00:01:26]} 13. exd4 {[%clk 01:12:25]} {[%emt 00:02:11]} Bb4
{[%clk 00:28:28]} {[%emt 00:03:53]} 14. c3 {[%clk 01:10:43]} {[%emt 00:02:12]}
Ba5 {[%clk 00:26:59]} {[%emt 00:02:00]} 15. h3 {[%clk 01:08:05]} {[%emt
00:03:06]} Bh5 {[%clk 00:18:58]} {[%emt 00:08:31]} 16. a3 {[%clk 01:04:24]}
{[%emt 00:04:11]} O-O {[%clk 00:16:49]} {[%emt 00:02:39]} 17. b4 {[%clk
01:00:45]} {[%emt 00:04:10]} Bb6 {[%clk 00:16:54]} {[%emt 00:00:25]} 18. c4
{[%clk 00:59:23]} {[%emt 00:01:52]} Bg6 {[%clk 00:15:11]} {[%emt 00:02:12]} 19.
c5 {[%clk 00:51:44]} {[%emt 00:08:10]} Bc7 {[%clk 00:15:00]} {[%emt 00:00:41]}
20. Qe3 {[%clk 00:50:29]} {[%emt 00:01:44]} Nd7 {[%clk 00:09:05]} {[%emt
00:06:26]} 21. Kh2 {[%clk 00:43:23]} {[%emt 00:07:35]} f5 {[%clk 00:08:08]}
{[%emt 00:01:27]} 22. f4 {[%clk 00:42:53]} {[%emt 00:01:00]} Rae8 {[%clk
00:07:45]} {[%emt 00:00:53]} 23. Rfc1 {[%clk 00:39:49]} {[%emt 00:03:34]} Rf6
{[%clk 00:05:17]} {[%emt 00:02:57]} 24. Qb3 {[%clk 00:35:32]} {[%emt 00:04:48]}
Bf7 {[%clk 00:05:26]} {[%emt 00:00:21]} 25. Nf1 {[%clk 00:34:46]} {[%emt
00:01:16]} Rg6 {[%clk 00:04:10]} {[%emt 00:01:46]} 26. Qe3 {[%clk 00:25:34]}
{[%emt 00:09:41]} Qe6 {[%clk 00:03:11]} {[%emt 00:01:29]} 27. b5 {[%clk
00:22:25]} {[%emt 00:03:39]} Nf6 {[%clk 00:01:54]} {[%emt 00:01:47]} 28. a4
{[%clk 00:20:58]} {[%emt 00:01:58]} Rc8 {[%clk 00:01:41]} {[%emt 00:00:43]} 29.
Bc3 {[%clk 00:17:25]} {[%emt 00:04:03]} Be8 {[%clk 00:01:15]} {[%emt 00:00:56]}
30. Be1 {[%clk 00:16:29]} {[%emt 00:01:26]} Rh6 {[%clk 00:01:21]} {[%emt
00:00:25]} 31. Kg1 {[%clk 00:16:31]} {[%emt 00:00:27]} Bd8 {[%clk 00:00:52]}
{[%emt 00:01:00]} 32. Qf2 {[%clk 00:10:56]} {[%emt 00:06:05]} Kh8 {[%clk
00:00:44]} {[%emt 00:00:38]} 33. Ne3 {[%clk 00:09:30]} {[%emt 00:01:56]} Ng8
{[%clk 00:00:46]} {[%emt 00:00:28]} 34. Bf1 {[%clk 00:05:44]} {[%emt 00:04:16]}
Bf6 {[%clk 00:00:44]} {[%emt 00:00:32]} 35. Rd1 {[%clk 00:02:58]} {[%emt
00:03:16]} Ne7 {[%clk 00:00:47]} {[%emt 00:00:27]} 36. a5 {[%clk 00:01:43]}
{[%emt 00:01:45]} g5 {[%clk 00:00:58]} {[%emt 00:00:20]} 37. fxg5 {[%clk
00:01:14]} {[%emt 00:00:59]} Bxg5 {[%clk 00:01:25]} {[%emt 00:00:02]} 38. h4
{[%clk 00:01:24]} {[%emt 00:00:20]} Bf6 {[%clk 00:01:07]} {[%emt 00:00:49]} 39.
a6 {[%clk 00:00:37]} {[%emt 00:01:17]} b6 {[%clk 00:01:06]} {[%emt 00:00:30]}
40. c6 {[%clk 00:00:53]} {[%emt 00:00:14]} Rg6 {[%clk 00:01:22]} {[%emt
00:00:14]} 41. Qf4 {[%clk 00:00:56]} {[%emt 00:00:27]} Rg7 {[%clk 00:28:49]}
{[%emt 00:03:03]} 42. Kh2 {[%clk 00:26:35]} {[%emt 00:04:51]} Bh5 {[%clk
00:21:14]} {[%emt 00:08:05]} 43. Rd2 {[%clk 00:26:40]} {[%emt 00:00:25]} Bg4
{[%clk 00:19:19]} {[%emt 00:02:25]} 44. Nxg4 {[%clk 00:24:05]} {[%emt
00:03:05]} Rxg4 {[%clk 00:18:36]} {[%emt 00:01:12]} 45. Qe3 {[%clk 00:22:21]}
{[%emt 00:02:14]} Qd6 {[%clk 00:16:05]} {[%emt 00:03:02]} 46. Kh1 {[%clk
00:20:24]} {[%emt 00:02:26]} f4 {[%clk 00:15:02]} {[%emt 00:01:34]} 47. gxf4
{[%clk 00:20:23]} {[%emt 00:00:32]} Rxf4 {[%clk 00:15:12]} {[%emt 00:00:18]}
48. Bg3 {[%clk 00:19:50]} {[%emt 00:01:03]} Rxh4+ {[%clk 00:07:51]} {[%emt
00:07:52]} 49. Bxh4 {[%clk 00:19:50]} {[%emt 00:00:30]} Bxh4 {[%clk 00:08:14]}
{[%emt 00:00:07]} 50. Bh3 {[%clk 00:19:21]} {[%emt 00:00:59]} Rf8 {[%clk
00:07:00]} {[%emt 00:01:44]} 51. Bg4 {[%clk 00:12:08]} {[%emt 00:07:44]} Nf5
{[%clk 00:03:16]} {[%emt 00:04:14]} 52. Bxf5 {[%clk 00:12:20]} {[%emt
00:00:19]} Rxf5 {[%clk 00:03:42]} {[%emt 00:00:03]} 53. Qh3 {[%clk 00:10:13]}
{[%emt 00:02:36]} Qf4 {[%clk 00:01:38]} {[%emt 00:02:35]} 54. c7 {[%clk
00:09:06]} {[%emt 00:01:37]} 1-0

[Event "Deutsche Ländermeisterschaft 2024"]
[Site "Tübingen GER"]
[Date "2024.10.03"]
[Round "1"]
[White "Semling, Julius"]
[Black "Foksha, Mischa"]
[Result "1-0"]
[Termination "normal"]
[Board "7.1"]
[WhiteElo "2233"]
[BlackElo "2078"]
[WhiteClock "00:06:17"]
[BlackClock "00:13:20"]
[WhiteTeam "SG Baden / Württemberg"]
[BlackTeam "Württemberg"]
[PlyCount "101"]
[WhiteFideId "16290160"]
[BlackFideId "16253400"]
[EventCountry "GER"]
[EventRounds "7"]
[EventType "team-swiss"]
[EventDate "2024.10.02"]

1. e4 {[%clk 01:30:58]} {[%emt 00:00:02]} c5 {[%clk 01:30:55]} {[%emt
00:00:05]} 2. Nf3 {[%clk 01:31:20]} {[%emt 00:00:08]} d6 {[%clk 01:31:19]}
{[%emt 00:00:06]} 3. d4 {[%clk 01:31:42]} {[%emt 00:00:07]} cxd4 {[%clk
01:31:44]} {[%emt 00:00:04]} 4. Nxd4 {[%clk 01:32:05]} {[%emt 00:00:08]} Nf6
{[%clk 01:32:07]} {[%emt 00:00:07]} 5. Nc3 {[%clk 01:32:26]} {[%emt 00:00:08]}
a6 {[%clk 01:32:33]} {[%emt 00:00:05]} 6. h3 {[%clk 01:32:33]} {[%emt
00:00:24]} e5 {[%clk 01:32:23]} {[%emt 00:00:40]} 7. Nf3 {[%clk 01:32:28]}
{[%emt 00:00:35]} b5 {[%clk 01:28:57]} {[%emt 00:03:57]} 8. a4 {[%clk
01:31:46]} {[%emt 00:01:10]} Bb7 {[%clk 01:21:23]} {[%emt 00:08:04]} 9. axb5
{[%clk 01:24:46]} {[%emt 00:07:31]} Nxe4 {[%clk 01:21:06]} {[%emt 00:00:46]}
10. Nxe4 {[%clk 01:20:15]} {[%emt 00:05:02]} Bxe4 {[%clk 01:21:30]} {[%emt
00:00:06]} 11. bxa6 {[%clk 01:10:36]} {[%emt 00:10:09]} Qb6 {[%clk 01:11:41]}
{[%emt 00:10:19]} 12. c3 {[%clk 00:57:58]} {[%emt 00:13:08]} Be7 {[%clk
00:47:00]} {[%emt 00:25:10]} 13. Nd2 {[%clk 00:50:11]} {[%emt 00:08:17]} Bb7
{[%clk 00:40:56]} {[%emt 00:06:34]} 14. Nc4 {[%clk 00:41:42]} {[%emt 00:08:59]}
Qc6 {[%clk 00:39:12]} {[%emt 00:02:13]} 15. Na5 {[%clk 00:37:07]} {[%emt
00:05:06]} Qe4+ {[%clk 00:39:22]} {[%emt 00:00:20]} 16. Be3 {[%clk 00:36:24]}
{[%emt 00:01:13]} Bxa6 {[%clk 00:37:25]} {[%emt 00:02:27]} 17. Ra4 {[%clk
00:32:52]} {[%emt 00:04:01]} Qg6 {[%clk 00:37:27]} 18. Rg4 {[%clk 00:23:41]}
{[%emt 00:10:11]} Qf5 {[%clk 00:34:51]} {[%emt 00:03:06]} 19. Nc4 {[%clk
00:19:20]} {[%emt 00:04:50]} O-O {[%clk 00:28:01]} {[%emt 00:07:19]} 20. Bh6
{[%clk 00:15:07]} {[%emt 00:04:44]} Bf6 {[%clk 00:27:06]} {[%emt 00:01:25]} 21.
Ne3 {[%clk 00:13:42]} {[%emt 00:01:56]} Qe6 {[%clk 00:26:53]} 22. Nd5 {[%clk
00:12:51]} {[%emt 00:02:03]} Kh8 {[%clk 00:26:00]} 23. Bxa6 {[%clk 00:09:42]}
{[%emt 00:05:02]} Nxa6 {[%clk 00:25:18]} 24. Nxf6 {[%clk 00:09:42]} gxh6 {[%clk
00:25:18]} 25. Qf3 {[%clk 00:08:18]} {[%emt 00:03:41]} Nc5 {[%emt 00:08:56]}
26. O-O {[%emt 00:05:54]} Ra7 {[%clk 00:13:22]} {[%emt 00:00:51]} 27. Rh4
{[%emt 00:02:11]} Nd7 {[%clk 00:13:13]} {[%emt 00:00:01]} 28. Rxh6 {[%clk
00:05:09]} {[%emt 00:00:48]} Nxf6 {[%clk 00:13:37]} {[%emt 00:00:05]} 29. Rxf6
{[%clk 00:05:34]} {[%emt 00:00:05]} Qe7 {[%emt 00:01:39]} 30. Rd1 Rd8 {[%clk
00:12:15]} {[%emt 00:00:50]} 31. Qf5 {[%clk 00:03:50]} {[%emt 00:02:37]} Kg7
{[%clk 00:11:29]} 32. Qg5+ {[%clk 00:03:50]} Kh8 {[%clk 00:11:29]} 33. Rd3
{[%clk 00:03:50]} Rg8 {[%clk 00:10:02]} {[%emt 00:04:42]} 34. Qf5 {[%clk
00:03:40]} {[%emt 00:00:41]} Rd7 {[%clk 00:10:23]} {[%emt 00:00:09]} 35. Rh6
{[%emt 00:01:07]} Rg6 {[%clk 00:10:41]} {[%emt 00:00:12]} 36. Qh5 {[%clk
00:02:31]} {[%emt 00:01:03]} Rxh6 {[%clk 00:10:15]} {[%emt 00:00:55]} 37. Qxh6
{[%emt 00:01:16]} d5 {[%clk 00:08:06]} {[%emt 00:01:24]} 38. Rg3 {[%clk
00:02:34]} {[%emt 00:00:56]} f6 {[%emt 00:01:13]} 39. Rf3 {[%clk 00:01:50]}
{[%emt 00:00:39]} Rd6 {[%clk 00:08:12]} {[%emt 00:00:16]} 40. Qe3 {[%clk
00:00:55]} {[%emt 00:01:25]} d4 {[%clk 00:03:34]} {[%emt 00:05:09]} 41. cxd4
{[%clk 00:25:19]} {[%emt 00:06:06]} Rxd4 {[%clk 00:33:37]} {[%emt 00:00:27]}
42. Qc3 {[%clk 00:24:57]} {[%emt 00:00:52]} Rd8 {[%clk 00:22:38]} {[%emt
00:11:29]} 43. b4 {[%clk 00:21:22]} {[%emt 00:04:05]} Rb8 {[%clk 00:21:11]}
{[%emt 00:01:56]} 44. b5 {[%clk 00:18:30]} {[%emt 00:03:22]} h6 {[%clk
00:19:29]} {[%emt 00:02:13]} 45. Qc6 {[%clk 00:17:15]} {[%emt 00:01:43]} Kg7
{[%clk 00:19:06]} 46. Rg3+ {[%clk 00:14:01]} {[%emt 00:04:39]} Kh7 {[%clk
00:19:07]} {[%emt 00:00:29]} 47. b6 {[%emt 00:07:56]} Qf7 {[%clk 00:14:22]}
{[%emt 00:01:33]} 48. Qe4+ {[%emt 00:02:36]} f5 {[%emt 00:00:36]} 49. Qxe5
{[%clk 00:07:40]} {[%emt 00:01:07]} Rxb6 {[%clk 00:14:09]} {[%emt 00:00:29]}
50. Rf3 {[%clk 00:07:45]} {[%emt 00:00:26]} Rf6 {[%clk 00:12:58]} {[%emt
00:01:40]} 51. g4 {[%clk 00:06:11]} {[%emt 00:02:05]} f4 {[%clk 00:13:20]}
{[%emt 00:00:07]} 52. Rc3 {[%emt 00:02:03]} Qe6 {[%clk 00:11:43]} 53. Rc7+
{[%clk 00:05:33]} {[%emt 00:01:43]} Kg8 54. Qxe6+ {[%clk 00:04:55]} Rxe6 {[%clk
00:12:11]} {[%emt 00:00:05]} 55. Kg2 {[%clk 00:04:55]} Re4 {[%clk 00:12:26]}
{[%emt 00:00:45]} 56. Kf3 {[%clk 00:04:52]} {[%emt 00:00:33]} Ra4 {[%clk
00:12:43]} {[%emt 00:00:12]} 57. h4 {[%clk 00:05:05]} {[%emt 00:00:19]} h5
{[%clk 00:11:57]} {[%emt 00:01:15]} 58. g5 {[%clk 00:04:29]} {[%emt 00:01:06]}
Rb4 {[%clk 00:11:49]} {[%emt 00:00:38]} 59. Re7 {[%clk 00:04:16]} {[%emt
00:00:43]} Rb3+ {[%clk 00:11:49]} {[%emt 00:00:29]} 60. Kxf4 {[%clk 00:04:15]}
{[%emt 00:00:32]} Rh3 {[%clk 00:12:14]} {[%emt 00:00:05]} 61. Kf5 {[%clk
00:04:26]} {[%emt 00:00:19]} Rxh4 {[%clk 00:12:20]} {[%emt 00:00:24]} 62. f4
{[%clk 00:03:54]} {[%emt 00:01:02]} Rg4 {[%clk 00:12:21]} {[%emt 00:00:29]} 63.
Re6 {[%clk 00:02:51]} {[%emt 00:01:32]} Rh4 {[%clk 00:10:47]} {[%emt 00:06:08]}
64. Re7 {[%clk 00:01:47]} 1-0

[Event "Deutsche Ländermeisterschaft 2024"]
[Site "Tübingen GER"]
[Date "2024.10.03"]
[Round "1"]
[White "Tu, Tiffany"]
[Black "Dohon, Maria-Johanna"]
[Result "1/2-1/2"]
[Termination "normal"]
[Board "7.7"]
[WhiteElo "1675"]
[BlackElo "1717"]
[WhiteClock "00:32:10"]
[BlackClock "00:05:51"]
[WhiteTeam "SG Baden / Württemberg"]
[BlackTeam "Württemberg"]
[PlyCount "148"]
[WhiteFideId "34628576"]
[BlackFideId "34600957"]
[EventCountry "GER"]
[EventRounds "7"]
[EventType "team-swiss"]
[EventDate "2024.10.02"]

1. e4 {[%clk 01:30:57]} {[%emt 00:00:01]} c5 {[%clk 01:30:44]} {[%emt
00:00:17]} 2. Nc3 {[%clk 01:31:18]} {[%emt 00:00:09]} Nc6 {[%clk 01:31:06]}
{[%emt 00:00:08]} 3. Bb5 {[%clk 01:31:41]} {[%emt 00:00:07]} Nd4 {[%clk
01:28:49]} {[%emt 00:02:47]} 4. Nf3 {[%clk 01:31:56]} {[%emt 00:00:14]} Nxb5
{[%clk 01:23:45]} {[%emt 00:05:36]} 5. Nxb5 {[%clk 01:32:10]} {[%emt 00:00:16]}
a6 {[%clk 01:23:42]} {[%emt 00:00:32]} 6. Nc3 {[%clk 01:32:20]} {[%emt
00:00:19]} e6 {[%clk 01:23:51]} {[%emt 00:00:21]} 7. d4 {[%clk 01:30:53]}
{[%emt 00:01:57]} cxd4 {[%clk 01:20:58]} {[%emt 00:03:25]} 8. Qxd4 {[%clk
01:30:30]} {[%emt 00:00:52]} d6 {[%clk 01:14:29]} {[%emt 00:06:59]} 9. Be3
{[%clk 01:28:45]} {[%emt 00:02:15]} e5 {[%clk 01:02:51]} {[%emt 00:12:08]} 10.
Qd3 {[%clk 01:25:14]} {[%emt 00:04:00]} Nf6 {[%clk 01:01:41]} {[%emt 00:01:42]}
11. O-O-O {[%clk 01:21:52]} {[%emt 00:03:52]} Qc7 {[%clk 00:50:46]} {[%emt
00:11:24]} 12. h3 {[%clk 01:10:42]} {[%emt 00:11:40]} Be6 {[%clk 00:46:50]}
{[%emt 00:04:27]} 13. Kb1 {[%clk 01:03:32]} {[%emt 00:07:38]} Be7 {[%clk
00:46:04]} {[%emt 00:01:17]} 14. g4 {[%clk 00:59:55]} {[%emt 00:04:07]} Rc8
{[%clk 00:34:15]} {[%emt 00:12:20]} 15. g5 {[%clk 00:55:37]} {[%emt 00:04:48]}
Nd7 {[%clk 00:34:02]} {[%emt 00:00:44]} 16. Nd5 {[%clk 00:51:36]} {[%emt
00:04:29]} Bxd5 {[%clk 00:33:38]} {[%emt 00:00:56]} 17. exd5 {[%clk 00:51:49]}
{[%emt 00:00:16]} b5 {[%clk 00:25:54]} {[%emt 00:08:16]} 18. h4 {[%clk
00:49:11]} {[%emt 00:03:06]} Qc4 {[%clk 00:18:01]} {[%emt 00:08:23]} 19. Qxc4
{[%clk 00:47:01]} {[%emt 00:02:41]} Rxc4 {[%clk 00:18:23]} {[%emt 00:00:08]}
20. Nd2 {[%clk 00:45:02]} {[%emt 00:02:28]} Rc8 {[%clk 00:18:27]} {[%emt
00:00:27]} 21. Nb3 {[%clk 00:43:09]} {[%emt 00:02:21]} Bd8 {[%clk 00:18:04]}
{[%emt 00:00:55]} 22. f4 {[%clk 00:42:26]} {[%emt 00:01:11]} a5 {[%clk
00:11:50]} {[%emt 00:06:46]} 23. fxe5 {[%clk 00:40:34]} {[%emt 00:02:20]} Nxe5
{[%clk 00:11:20]} {[%emt 00:01:01]} 24. Nd4 {[%clk 00:39:54]} {[%emt 00:01:08]}
Kd7 {[%clk 00:05:49]} {[%emt 00:06:04]} 25. Bf4 {[%clk 00:35:25]} {[%emt
00:04:58]} b4 {[%clk 00:03:28]} {[%emt 00:02:53]} 26. Bxe5 {[%clk 00:34:56]}
{[%emt 00:01:00]} dxe5 {[%clk 00:03:54]} {[%emt 00:00:03]} 27. Nc6 {[%clk
00:35:02]} {[%emt 00:00:24]} Kd6 {[%clk 00:02:32]} {[%emt 00:01:52]} 28. Rhf1
{[%clk 00:32:54]} {[%emt 00:02:25]} Rf8 {[%clk 00:02:35]} {[%emt 00:00:39]} 29.
Rf5 {[%clk 00:29:15]} {[%emt 00:04:06]} f6 {[%clk 00:02:02]} {[%emt 00:01:07]}
30. Nxe5 {[%clk 00:28:00]} {[%emt 00:01:44]} g6 {[%clk 00:00:52]} {[%emt
00:01:40]} 31. Rf3 {[%clk 00:24:20]} {[%emt 00:04:10]} Kxe5 {[%clk 00:00:57]}
{[%emt 00:00:26]} 32. d6 {[%clk 00:23:38]} {[%emt 00:01:11]} Bb6 {[%clk
00:01:00]} {[%emt 00:00:27]} 33. Rfd3 {[%clk 00:23:13]} {[%emt 00:00:54]} fxg5
{[%clk 00:00:47]} {[%emt 00:00:46]} 34. hxg5 {[%clk 00:23:04]} {[%emt
00:00:39]} Ke6 {[%clk 00:00:42]} {[%emt 00:00:35]} 35. d7 {[%clk 00:22:27]}
{[%emt 00:01:05]} Rcd8 {[%clk 00:00:55]} {[%emt 00:00:19]} 36. Rd6+ {[%clk
00:22:40]} {[%emt 00:00:17]} Ke7 {[%clk 00:01:02]} {[%emt 00:00:23]} 37. Rxb6
{[%clk 00:22:38]} {[%emt 00:00:33]} Rxd7 {[%clk 00:00:55]} {[%emt 00:00:37]}
38. Rxd7+ {[%clk 00:23:01]} {[%emt 00:00:06]} Kxd7 {[%clk 00:01:20]} {[%emt
00:00:06]} 39. Kc1 {[%clk 00:23:20]} {[%emt 00:00:10]} Kc7 {[%clk 00:00:55]}
{[%emt 00:00:56]} 40. Ra6 {[%clk 00:23:34]} {[%emt 00:00:15]} Kb7 {[%clk
00:00:46]} {[%emt 00:00:40]} 41. Rxa5 {[%clk 00:23:38]} {[%emt 00:00:26]} Rf4
{[%clk 00:25:53]} {[%emt 00:05:23]} 42. Re5 {[%clk 00:52:45]} {[%emt 00:01:19]}
Rh4 {[%clk 00:23:12]} {[%emt 00:03:15]} 43. Kd2 {[%clk 00:52:20]} {[%emt
00:00:54]} Rd4+ {[%clk 00:22:25]} {[%emt 00:01:17]} 44. Ke3 {[%clk 00:51:09]}
{[%emt 00:01:39]} Rh4 {[%clk 00:16:12]} {[%emt 00:06:45]} 45. Re4 {[%clk
00:50:11]} {[%emt 00:01:27]} Rh3+ {[%clk 00:14:46]} {[%emt 00:01:58]} 46. Kf4
{[%clk 00:49:26]} {[%emt 00:01:15]} Rh1 {[%clk 00:12:25]} {[%emt 00:02:49]} 47.
Rxb4+ {[%clk 00:49:43]} {[%emt 00:00:15]} Kc6 {[%clk 00:12:40]} {[%emt
00:00:15]} 48. Ke5 {[%clk 00:48:26]} {[%emt 00:01:42]} Rf1 {[%clk 00:12:10]}
{[%emt 00:01:04]} 49. Rf4 {[%clk 00:47:33]} {[%emt 00:01:23]} Re1+ {[%clk
00:12:14]} {[%emt 00:00:26]} 50. Kf6 {[%clk 00:46:21]} {[%emt 00:01:42]} Rd1
{[%clk 00:12:21]} {[%emt 00:00:23]} 51. Kg7 {[%clk 00:45:49]} {[%emt 00:01:00]}
Rd7+ {[%clk 00:12:28]} {[%emt 00:00:24]} 52. Rf7 {[%clk 00:45:52]} {[%emt
00:00:27]} Rd2 {[%clk 00:11:34]} {[%emt 00:01:24]} 53. Kxh7 {[%clk 00:45:31]}
{[%emt 00:00:52]} Rxc2 {[%clk 00:11:53]} {[%emt 00:00:12]} 54. Kxg6 {[%clk
00:45:55]} {[%emt 00:00:06]} Rxb2 {[%clk 00:12:15]} {[%emt 00:00:08]} 55. Rf6+
{[%clk 00:46:19]} {[%emt 00:00:06]} Kd7 {[%clk 00:12:31]} {[%emt 00:00:14]} 56.
Kf7 {[%clk 00:45:54]} {[%emt 00:00:54]} Re2 {[%clk 00:11:35]} {[%emt 00:01:26]}
57. a4 {[%clk 00:44:52]} {[%emt 00:01:33]} Re7 {[%clk 00:11:30]} {[%emt
00:00:35]} 58. Kg6 {[%clk 00:44:32]} {[%emt 00:00:49]} Re8 {[%clk 00:11:28]}
{[%emt 00:00:33]} 59. Rf7+ {[%clk 00:44:38]} {[%emt 00:00:23]} Ke6 {[%clk
00:11:26]} {[%emt 00:00:33]} 60. Rf6+ {[%clk 00:44:16]} {[%emt 00:00:52]} Ke7
{[%clk 00:11:44]} {[%emt 00:00:11]} 61. Kg7 {[%clk 00:43:14]} {[%emt 00:01:32]}
Ra8 {[%clk 00:11:24]} {[%emt 00:00:51]} 62. g6 {[%clk 00:42:14]} {[%emt
00:01:30]} Rxa4 {[%clk 00:11:05]} {[%emt 00:00:49]} 63. Rf7+ {[%clk 00:42:37]}
{[%emt 00:00:06]} Ke8 {[%clk 00:11:20]} {[%emt 00:00:15]} 64. Kg8 {[%clk
00:42:02]} {[%emt 00:01:01]} Rg4 {[%clk 00:11:16]} {[%emt 00:00:39]} 65. g7
{[%clk 00:40:38]} {[%emt 00:01:53]} Rg2 {[%clk 00:10:47]} {[%emt 00:00:53]} 66.
Rf5 {[%clk 00:40:10]} {[%emt 00:01:03]} Ke7 {[%clk 00:06:16]} {[%emt 00:05:03]}
67. Rf7+ {[%clk 00:35:27]} {[%emt 00:05:12]} Ke8 {[%clk 00:06:34]} {[%emt
00:00:13]} 68. Ra7 {[%clk 00:35:17]} {[%emt 00:00:38]} Rg1 {[%clk 00:05:58]}
{[%emt 00:01:08]} 69. Kh7 {[%clk 00:35:15]} {[%emt 00:00:31]} Rh1+ {[%clk
00:06:02]} {[%emt 00:00:26]} 70. Kg6 {[%clk 00:35:41]} {[%emt 00:00:05]} Rg1+
{[%clk 00:06:12]} {[%emt 00:00:20]} 71. Kf6 {[%clk 00:33:53]} {[%emt 00:02:18]}
Rf1+ {[%clk 00:06:31]} {[%emt 00:00:10]} 72. Ke6 {[%clk 00:33:44]} {[%emt
00:00:40]} Re1+ {[%clk 00:06:43]} {[%emt 00:00:18]} 73. Kd6 {[%clk 00:33:22]}
{[%emt 00:00:49]} Rd1+ {[%clk 00:07:04]} {[%emt 00:00:12]} 74. Kc7 {[%clk
00:32:10]} {[%emt 00:01:37]} Rc1+ {[%clk 00:05:51]} {[%emt 00:01:49]} 75. Kb8
{[%clk 00:31:17]} {[%emt 00:01:19]} Rb1+ {[%clk 00:06:04]} {[%emt 00:00:20]}
76. Ka8 {[%clk 00:31:02]} {[%emt 00:00:44]} Rg1 {[%clk 00:05:18]} {[%emt
00:01:17]} 77. Rb7 {[%clk 00:30:49]} {[%emt 00:00:42]} Rg2 {[%clk 00:05:16]}
{[%emt 00:00:32]} 78. Ka7 {[%clk 00:30:14]} {[%emt 00:01:04]} Ra2+ {[%clk
00:03:59]} {[%emt 00:01:49]} 79. Kb6 {[%clk 00:30:37]} {[%emt 00:00:07]} Rb2+
{[%clk 00:03:22]} {[%emt 00:01:07]} 80. Kc6 {[%clk 00:31:03]} {[%emt 00:00:03]}
Rc2+ {[%clk 00:03:11]} {[%emt 00:00:42]} 81. Kd5 {[%clk 00:31:13]} {[%emt
00:00:19]} Rg2 {[%clk 00:02:48]} {[%emt 00:00:54]} 82. Ke6 {[%clk 00:30:39]}
{[%emt 00:01:01]} Re2+ {[%clk 00:03:09]} {[%emt 00:00:12]} 83. Kf5 {[%clk
00:30:49]} {[%emt 00:00:16]} Rf2+ {[%clk 00:02:55]} {[%emt 00:00:48]} 84. Kg4
{[%clk 00:30:32]} {[%emt 00:00:42]} 1/2-1/2